[Event "IECC O-4944"]
[Site "IECC email"]
[Date "2021.01.03"]
[Round "?"]
[White "Chavez, Oscar"]
[Black "Hancock, Lee James"]
[Result "1-0"]
[WhiteElo "1126"]
[BlackElo "1138"]
[PlyCount "119"]
[EventDate "2021.??.??"]
[EventType "swiss (corr)"]
[EventRounds "2"]
[SourceTitle "Corr 2024"]
[Source "ChessBase"]
[SourceDate "2023.10.19"]
[SourceVersion "1"]
[SourceVersionDate "2023.10.19"]
[SourceQuality "1"]
[WhiteTeam "Vereinigte Staaten"]
[BlackTeam "England"]
[WhiteTeamCountry "USA"]
[BlackTeamCountry "ENG"]

1. e4 e5 2. Nf3 d6 3. d4 exd4 4. Nxd4 Nf6 5. Nc3 Be7 6. Bc4 0-0 7. 0-0 c6 8. a4 d5 9. exd5 cxd5 10. Ba2 Nc6 11. Be3 Nxd4 12. Bxd4 Be6 13. Qd3 Ng4 14. Rae1 Qc7 15. g3 Qd7 16. Nb5 a6 17. Nc3 f5 18. f3 Nf6 19. b4 Bxb4 20. Re2 b5 21. a5 Rad8 22. Rfe1 Rfe8 23. Qe3 Bxc3 24. Qxc3 b4 25. Qxb4 Qd6 26. Qb7 Rd7 27. Qb2 Rf7 28. Bb3 h6 29. Ba4 Rb8 30. Be5 Rxb2 31. Bxd6 Bd7 32. Bb3 Bb5 33. Re5 Rxb3 34. cxb3 g6 35. Rc1 Bd7 36. Be7 Ne8 37. Bc5 Rf6 38. Rxd5 Bc6 39. Rd8 Re6 40. Rcd1 Bxf3 41. R1d6 Re2 42. Rxg6+ Kf7 43. Rxh6 Rg2+ 44. Kf1 Rc2 45. b4 Rc1+ 46. Kf2 Be4 47. Ra8 Bxa8 48. Rxa6 Be4 49. Rb6 Rc2+ 50. Ke3 Rxh2 51. a6 Rh3 52. Kf4 Nf6 53. Rd6 Nh5+ 54. Kg5 Nxg3 55. a7 Ba8 56. Rd8 Ne4+ 57. Kxf5 Nxc5 58. Rxa8 Nd7 59. Rb8 Ra3 60. a8Q 1-0